000 01297nam a2200361Ia 4500
001 dia_1277
003 CHAP
005 20230126103123.0
008 220117s2006 xx 000 0 und d
010 _a171695
020 _a968-02-0321-2
040 _cCHAP
082 _a332.67 P66 2006
100 _aPonce Hernández, Pedro
_990789
245 _aGuía práctica para la formulación y evaluación de proyectos de inversión /
_c Pedro Ponce Hernández, Francisco Pérez Soto y Fernando Gallardo Rodríguez
260 _aMéxico :
_b Universidad Autónoma Chapingo,
_c2006
300 _a254 p.
503 _aD.
504 _aBibliografía: p. 247-254
590 _aHG4529 P66 2006
650 _aAnálisis de costo
_xbeneficio
_9150149
650 _aCost benefit analysis
_9150150
650 _aEconomic investment
_xAnalysis
_9150151
650 _aEconomic investment
_xManagement
_9150152
650 _aInversion económica
_xAdministración
_9150153
650 _aInversion económica
_xAnálisis
_9150154
700 _aGallardo Rodríguez, Fernando, coaut.
_9150155
700 _aPérez Soto, Francisco, coaut.
_9150156
901 _a332.67 P66 2006
902 _aA
905 _a5232272006 mx nm 8223223322spa16
942 _cLIBRO
_2ddc
999 _c171695
_d171695